Marketing efficiency of natural rubber by organized and unorganized small growers in Tripura: An analysis (Record no. 49712)

MARC details
000 -LEADER
fixed length control field 00558nam a2200193Ia 4500
100 ## - MAIN ENTRY--AUTHOR NAME
Personal name Sharma G
245 #0 - TITLE STATEMENT
Title Marketing efficiency of natural rubber by organized and unorganized small growers in Tripura: An analysis
260 ## - PUBLICATION, DISTRIBUTION, ETC. (IMPRINT)
Name of publisher Rubber Science
Year of publication 2014
300 ## - PHYSICAL DESCRIPTION
Number of Pages 225-233
650 ## - SUBJECT ADDED ENTRY--TOPICAL TERM
Topical Term Block planting units
650 ## - SUBJECT ADDED ENTRY--TOPICAL TERM
Topical Term Marketing efficiency
650 ## - SUBJECT ADDED ENTRY--TOPICAL TERM
Topical Term Natural rubber
650 ## - SUBJECT ADDED ENTRY--TOPICAL TERM
Topical Term Rubber producers societies
650 ## - SUBJECT ADDED ENTRY--TOPICAL TERM
Topical Term Tripura
700 ## - ADDED ENTRY--PERSONAL NAME
Personal name Dey S K
700 ## - ADDED ENTRY--PERSONAL NAME
Personal name George K T
942 ## - ADDED ENTRY ELEMENTS (KOHA)
Koha item type Bibliography STAF
Holdings
Withdrawn status Lost status Damaged status Not for loan Home library Current library Shelving location Date acquired Serial Enumeration / chronology Koha item type
      Bibliography RRII Library RRII Library Economics 08/12/2014 Volume 27, Issue 2 Bibliography STAF